000 00655nam a2200289Ia 4500
005 20260324142826.0
008 008 260324s9999 xx 000 0 eng d
020 _a9780429312144
037 _aEBOOK
040 _aCRL
040 _beng
040 _cCRL
041 _2eng
041 _aeng
084 _qCRL
100 _aRajesh Kadian
_91213375
245 4 _aThe Kashmir Tangle
245 0 _bIssues And Options
260 _bTaylor and Francis
260 _c1993
365 _a
365 _b220
856 _uhttp://www.taylorfrancis.com/books/9780429312144
942 _cEBOOK
999 _c1818029
_d1818029